Statistics for From the Earth to the Street - Gradual Zoom with Maps #2

Click here to take the quiz!

General Stats

  • This quiz has been taken 226 times
  • The average score is 5 of 9

Answers on the Map

Answers color-coded by a green-red scale on the quiz's map according to % correct below.
 

Answer Stats

ScaleLocalisation% Correct
PlanetEarth
100%
ContinentAsia
98%
CountryJapan
98%
IslandHonshu
76%
CityTokyo
49%
PrefectureTokyo
45%
RegionKantō
33%
WardShibuya
21%
CrossingHachikō
18%

Score Distribution

Percentile by Number Answered

Percent of People with Each Score

Your Score History

You have not taken this quiz